书目信息 |
| 题名: |
电商直播
|
|
| 作者: | 钱政娟 , 胡军 编著 | |
| 分册: | ||
| 出版信息: | 北京 机械工业出版社 2021.03 |
|
| 页数: | 188页 | |
| 开本: | 24cm | |
| 丛书名: | ||
| 单 册: | ||
| 中图分类: | F713.365.2 | |
| 科图分类: | ||
| 主题词: | 网络营销--wang luo ying xiao | |
| 电子资源: | ||
| ISBN: | 978-7-111-67323-1 | |
| 000 | 01148nam0 2200325 450 | |
| 001 | 202021194766 | |
| 005 | 20211025120147.0 | |
| 010 | @a978-7-111-67323-1@dCNY69.90 | |
| 092 | @aCN@bRt971-1547 | |
| 100 | @a20211005d2021 em y0chiy50 ea | |
| 101 | 0 | @achi |
| 102 | @aCN@b110000 | |
| 105 | @aa z 000yy | |
| 106 | @ar | |
| 200 | 1 | @a电商直播@Adian shang zhi bo@e视频新玩法就这么简单@f钱政娟, 胡军等编著 |
| 205 | @a双色版 | |
| 210 | @a北京@c机械工业出版社@d2021.03 | |
| 215 | @a188页@c图@d24cm | |
| 312 | @a英文题名取自封面 | |
| 330 | @a本书介绍了很多关于直播的玩法, 包括干货满满的方法论和案例分析, 深度剖析淘宝、抖音、快手、微信公号等平台直播卖货政策, 为读者提供全方位、全流程的直播卖货攻略, 真正的从零开始学直播卖货和直播运营。 | |
| 510 | 1 | @aLive broadcast of ecommerce@zeng |
| 517 | 1 | @a视频新玩法就这么简单@Ashi pin xin wan fa jiu zhe me jian dan |
| 606 | 0 | @a网络营销@Awang luo ying xiao |
| 690 | @aF713.365.2@v5 | |
| 701 | 0 | @a钱政娟@Aqian zheng juan@4编著 |
| 701 | 0 | @a胡军@Ahu jun@4编著 |
| 801 | 0 | @aCN@c20210909 |
| 901 | @a机械工业出版社 | |
| 905 | @a河南城建学院图书馆@dF713.365.2@eQ272 | |
| 997 | @a期货 | |
| 电商直播:视频新玩法就这么简单/钱政娟, 胡军等编著.-双色版.-北京:机械工业出版社,2021.03 |
| 188页:图;24cm |
| ISBN 978-7-111-67323-1:CNY69.90 |
| 本书介绍了很多关于直播的玩法, 包括干货满满的方法论和案例分析, 深度剖析淘宝、抖音、快手、微信公号等平台直播卖货政策, 为读者提供全方位、全流程的直播卖货攻略, 真正的从零开始学直播卖货和直播运营。 |
| ● |
| 相关链接 |
|
|
|
正题名:电商直播
索取号:F713.365.2/Q272
 
预约/预借
| 序号 | 登录号 | 条形码 | 馆藏地/架位号 | 状态 | 备注 |
| 1 | 1544059 | 215440592 | 社科库409/409社科库 42排6列1层/ [索取号:F713.365.2/Q272] | 在馆 | |
| 2 | 1544060 | 215440609 | 社科库409/409社科库 42排6列3层/ [索取号:F713.365.2/Q272] | 在馆 |